[Event "LSS BI-2010-P-00021"]
[Site "LSS email"]
[Date "2010.04.19"]
[Round "?"]
[White "Valdez Aguero, Daniel"]
[Black "Loginov, Pavel"]
[Result "0-1"]
[WhiteElo "1278"]
[BlackElo "2234"]
[PlyCount "40"]
[EventDate "2010.04.22"]
[EventType "tourn (corr)"]
[EventRounds "10"]
[EventCountry "GER"]
[SourceTitle "Telechess CBM 141"]
[Source "ChessBase"]
[SourceDate "2011.03.17"]
[SourceVersion "1"]
[SourceVersionDate "2011.03.17"]
[SourceQuality "1"]

1. d4 d5 2. c4 c6 3. Nf3 Nf6 4. Nc3 e6 5. g3 dxc4 6. Bg2 b5 7. Ne5 Nd5 8. 0-0 Bb7 9. e4 Nxc3 10. bxc3 Nd7 11. f4 Be7 12. a4 0-0 13. Rb1 Nxe5 14. fxe5 a6 15. Qg4 Kh8 16. Qh5 Qa5 17. axb5 Qxc3 18. Rxf7 Rxf7 19. Qxf7 Rf8 20. Qxe7 Qe1+ 0-1

[Event "LSS BI-2010-P-00021"]
[Site "LSS email"]
[Date "2010.04.19"]
[Round "?"]
[White "Valdez Aguero, Daniel"]
[Black "Petters Merino, Oscar Augusto"]
[Result "0-1"]
[WhiteElo "1276"]
[BlackElo "2143"]
[PlyCount "54"]
[EventDate "2010.04.22"]
[EventType "tourn (corr)"]
[EventRounds "10"]
[EventCountry "GER"]
[SourceTitle "Telechess CBM 141"]
[Source "ChessBase"]
[SourceDate "2011.03.17"]
[SourceVersion "1"]
[SourceVersionDate "2011.03.17"]
[SourceQuality "1"]

1. d4 Nf6 2. c4 g6 3. Nc3 d5 4. cxd5 Nxd5 5. e4 Nxc3 6. bxc3 Bg7 7. Bc4 0-0 8. Ne2 c5 9. 0-0 Nc6 10. Be3 Na5 11. Bd3 b6 12. Rc1 Qc7 13. c4 cxd4 14. Bxd4 Bxd4 15. Nxd4 Rd8 16. Nb5 Qc5 17. Qe2 Be6 18. Rc3 a6 19. Na3 b5 20. Nb1 bxc4 21. Bc2 Nc6 22. Bb3 Nd4 23. Qe3 Rab8 24. Bxc4 Bxc4 25. Re1 Qb4 26. a3 Qxb1 27. Rxb1 Ne2+ 0-1

[Event "LSS No Engine Cup 03 Preliminary 3"]
[Site "LSS email"]
[Date "2009.07.16"]
[Round "?"]
[White "Jordaan, Wayne"]
[Black "Valdez Aguero, Daniel"]
[Result "1-0"]
[WhiteElo "1794"]
[BlackElo "1290"]
[PlyCount "49"]
[EventDate "2009.07.17"]
[EventType "tourn (corr)"]
[EventRounds "6"]
[EventCountry "GER"]
[SourceTitle "Corr 2013"]
[Source "ChessBase"]
[SourceDate "2012.11.12"]
[SourceVersion "1"]
[SourceVersionDate "2012.11.12"]
[SourceQuality "1"]

1. d4 Nf6 2. c4 c5 3. e3 e6 4. Nf3 b6 5. Nc3 Be7 6. d5 exd5 7. cxd5 d6 8. Bb5+ Bd7 9. Be2 0-0 10. e4 Bg4 11. 0-0 Bxf3 12. Bxf3 Nbd7 13. Bf4 a6 14. a4 Ne8 15. Bg4 Bf6 16. Bf5 g6 17. Bxd7 Qxd7 18. Re1 Nc7 19. e5 Bxe5 20. Bxe5 dxe5 21. Rxe5 Rfe8 22. f4 Rad8 23. Qb3 b5 24. Ne4 Rxe5 25. Nf6+ 1-0

[Event "LSS No Engine Cup Gr03 prel 03 email"]
[Site "LSS email"]
[Date "2009.07.16"]
[Round "?"]
[White "Valdez Aguero, Daniel"]
[Black "Paetzold, Ortwin"]
[Result "1-0"]
[WhiteElo "1305"]
[BlackElo "1519"]
[PlyCount "39"]
[EventDate "2009.07.17"]
[EventType "tourn (corr)"]
[EventRounds "6"]
[EventCountry "GER"]
[SourceTitle "Telechess CBM 137"]
[Source "ChessBase"]
[SourceDate "2010.07.15"]
[SourceVersion "1"]
[SourceVersionDate "2010.07.15"]
[SourceQuality "1"]

1. e4 e6 2. d4 d5 3. Nd2 Nf6 4. e5 Nfd7 5. Bd3 c5 6. c3 cxd4 7. cxd4 Nc6 8. Ne2 f6 9. exf6 Nxf6 10. 0-0 Bd6 11. Nf3 0-0 12. Nc3 a6 13. Bg5 h6 14. Bh4 Be7 15. Rc1 Bd7 16. Bb1 Nb4 17. a3 Nc6 18. Qd3 e5 19. dxe5 Ne4 20. Qxd5+ 1-0

[Event "LSS No Engine Cup 03 Preliminary 3"]
[Site "LSS email"]
[Date "2009.07.16"]
[Round "?"]
[White "Valdez Aguero, Daniel"]
[Black "Rosta, Sandor"]
[Result "1-0"]
[WhiteElo "1298"]
[BlackElo "2075"]
[PlyCount "26"]
[EventDate "2009.07.17"]
[EventType "tourn (corr)"]
[EventRounds "6"]
[EventCountry "GER"]
[SourceTitle "Corr 2013"]
[Source "ChessBase"]
[SourceDate "2012.11.12"]
[SourceVersion "1"]
[SourceVersionDate "2012.11.12"]
[SourceQuality "1"]

1. e4 c5 2. Nf3 Nc6 3. d4 cxd4 4. Nxd4 Nf6 5. Nc3 a6 6. Be3 e6 7. Be2 Be7 8. 0-0 d6 9. f4 0-0 10. a4 Qc7 11. Kh1 e5 12. fxe5 dxe5 13. Nf5 Bxf5 1-0

[Event "LSS SE-2009-0-00024"]
[Site "LSS email"]
[Date "2009.06.16"]
[Round "?"]
[White "Valdez Aguero, Daniel"]
[Black "Hausmann, Heiko"]
[Result "0-1"]
[WhiteElo "1298"]
[BlackElo "1625"]
[PlyCount "56"]
[EventDate "2009.05.05"]
[EventType "tourn (corr)"]
[EventRounds "6"]
[EventCountry "GER"]
[SourceTitle "Telechess CBM 137"]
[Source "ChessBase"]
[SourceDate "2010.07.15"]
[SourceVersion "1"]
[SourceVersionDate "2010.07.15"]
[SourceQuality "1"]

1. e4 d5 2. exd5 Qxd5 3. Nc3 Qa5 4. d4 c6 5. Bc4 Nf6 6. Qe2 Bf5 7. Nf3 e6 8. 0-0 Bd6 9. h3 Nbd7 10. Re1 0-0 11. Bd2 Qc7 12. Bb3 h6 13. Rad1 Rfd8 14. a4 Rac8 15. Ne5 Bxe5 16. dxe5 Nd5 17. Bxd5 cxd5 18. Bf4 Qc4 19. Be3 Qb4 20. Bd4 Rc4 21. Qe3 Bxc2 22. Rd2 Nb8 23. Bxa7 Qxb2 24. Bd4 Nc6 25. Nb5 Qb4 26. Bc3 Qxa4 27. Nd6 Rxd6 28. exd6 Re4 0-1

[Event "LSS SE-2009-0-00024"]
[Site "LSS email"]
[Date "2009.06.13"]
[Round "?"]
[White "Valdez Aguero, Daniel"]
[Black "Slavin, Pablo"]
[Result "1-0"]
[WhiteElo "1304"]
[BlackElo "1128"]
[PlyCount "77"]
[EventDate "2009.05.05"]
[EventType "tourn (corr)"]
[EventRounds "6"]
[EventCountry "GER"]
[SourceTitle "Telechess CBM 137"]
[Source "ChessBase"]
[SourceDate "2010.07.15"]
[SourceVersion "1"]
[SourceVersionDate "2010.07.15"]
[SourceQuality "1"]

1. e4 e5 2. Nf3 Nc6 3. Bb5 f5 4. exf5 e4 5. Bxc6 dxc6 6. Ne5 Nf6 7. d4 Bxf5 8. 0-0 Bd6 9. Bg5 0-0 10. Qe2 h6 11. Bh4 Qe8 12. Bg3 c5 13. c3 cxd4 14. cxd4 Nd7 15. f4 Nb6 16. Nc3 Bxe5 17. fxe5 Qg6 18. Rf4 Rad8 19. Rd1 c6 20. Nxe4 Nd5 21. Rh4 Qf7 22. Rf1 Qg6 23. Rd1 Qh7 24. Nc3 g5 25. Rh5 Bg6 26. Rh3 Nf4 27. Bxf4 Rxf4 28. Qc4+ Kh8 29. Ne2 Re4 30. Nc3 Bf7 31. Qc5 Rg4 32. Qe7 Rgxd4 33. Qxd8+ Rxd8 34. Rxd8+ Kg7 35. Rd7 Qf5 36. Rhd3 Qxe5 37. Rf3 Qe1+ 38. Rf1 Qe3+ 39. Kh1 1-0

[Event "LSS SE-2009-0-00024"]
[Site "LSS email"]
[Date "2009.06.11"]
[Round "?"]
[White "De la Pena Balbuena, Isaias"]
[Black "Valdez Aguero, Daniel"]
[Result "1-0"]
[WhiteElo "2426"]
[BlackElo "1298"]
[PlyCount "45"]
[EventDate "2009.05.05"]
[EventType "tourn (corr)"]
[EventRounds "6"]
[EventCountry "GER"]
[SourceTitle "Telechess CBM 137"]
[Source "ChessBase"]
[SourceDate "2010.07.15"]
[SourceVersion "1"]
[SourceVersionDate "2010.07.15"]
[SourceQuality "1"]

1. d4 Nf6 2. Bg5 Ne4 3. Bf4 d5 4. e3 Bf5 5. f3 Nf6 6. g4 Bg6 7. h4 h5 8. g5 Nfd7 9. Nc3 c6 10. Bd3 Bxd3 11. Qxd3 g6 12. e4 e6 13. Nge2 Na6 14. a3 Nb6 15. exd5 Nxd5 16. Be5 Rg8 17. Ne4 Qa5+ 18. Kf2 0-0-0 19. b4 Qb6 20. c4 Ne7 21. N2c3 Nc7 22. Na4 Qa6 23. Nec5 1-0

[Event "LSS SE-2009-0-00024"]
[Site "LSS email"]
[Date "2009.06.04"]
[Round "?"]
[White "Murphy, Jones"]
[Black "Valdez Aguero, Daniel"]
[Result "1-0"]
[WhiteElo "1340"]
[BlackElo "1256"]
[PlyCount "73"]
[EventDate "2009.05.05"]
[EventType "tourn (corr)"]
[EventRounds "6"]
[EventCountry "GER"]
[SourceTitle "Corr 2013"]
[Source "ChessBase"]
[SourceDate "2012.11.12"]
[SourceVersion "1"]
[SourceVersionDate "2012.11.12"]
[SourceQuality "1"]
[WhiteTeam "US of America"]
[BlackTeam "US of America"]
[WhiteTeamCountry "USA"]
[BlackTeamCountry "USA"]

1. d4 Nf6 2. c4 c5 3. d5 e6 4. Nc3 exd5 5. cxd5 d6 6. e4 g6 7. f4 Bg7 8. Bb5+ Nfd7 9. a4 a6 10. Bd3 0-0 11. Nf3 Qc7 12. 0-0 c4 13. Bc2 Re8 14. Be3 Nc5 15. Bd4 f6 16. Qe2 Nb3 17. Bxb3 cxb3 18. Qd1 Qc4 19. Ra3 Bg4 20. Qxb3 Qc7 21. Bb6 Qe7 22. Nd4 Nd7 23. h3 Nxb6 24. Qxb6 Bd7 25. Qxb7 Reb8 26. Qc7 Rxb2 27. Nc6 Qf7 28. e5 dxe5 29. fxe5 Bxc6 30. Qxc6 Qa7+ 31. Kh1 fxe5 32. Qe6+ Kh8 33. Ne4 Rb7 34. d6 Qd4 35. Ng5 Qd2 36. Nf7+ Kg8 37. Nd8+ 1-0

[Event "LSS OP-2009-0-00864"]
[Site "LSS email"]
[Date "2009.06.02"]
[Round "?"]
[White "Giovani, Massimo"]
[Black "Valdez Aguero, Daniel"]
[Result "0-1"]
[WhiteElo "800"]
[BlackElo "1312"]
[PlyCount "46"]
[EventDate "2009.05.27"]
[EventType "tourn (corr)"]
[EventRounds "4"]
[EventCountry "GER"]
[SourceTitle "Corr 2011"]
[Source "ChessBase"]
[SourceDate "2010.08.31"]
[SourceVersion "1"]
[SourceVersionDate "2010.08.31"]
[SourceQuality "1"]

1. e4 c5 2. Nf3 Nc6 3. Bb5 e6 4. Nc3 Nge7 5. d3 a6 6. Bc4 b5 7. Bb3 Ng6 8. a3 Be7 9. 0-0 0-0 10. Be3 Bb7 11. d4 c4 12. Ba2 Qc7 13. Ne2 f5 14. e5 Nh4 15. Nxh4 Bxh4 16. g3 Be7 17. Nf4 Na5 18. b4 cxb3 19. cxb3 Bxa3 20. Bc1 Be7 21. Qd2 b4 22. Bb2 Qc6 23. Rac1 Qh1# 0-1

[Event "LSS SE-2008-0-00015"]
[Site "LSS email"]
[Date "2009.01.19"]
[Round "?"]
[White "Valdez Aguero, Daniel"]
[Black "Def, Persey"]
[Result "0-1"]
[WhiteElo "1324"]
[BlackElo "1511"]
[PlyCount "34"]
[EventDate "2009.01.09"]
[EventType "tourn (corr)"]
[EventRounds "6"]
[EventCountry "GER"]
[SourceTitle "Corr 2011"]
[Source "ChessBase"]
[SourceDate "2010.08.31"]
[SourceVersion "1"]
[SourceVersionDate "2010.08.31"]
[SourceQuality "1"]

1. e4 c5 2. Nf3 Nc6 3. d4 cxd4 4. Nxd4 Nf6 5. Nc3 e5 6. Ndb5 d6 7. Bg5 a6 8. Na3 b5 9. Bxf6 gxf6 10. Nd5 f5 11. Bd3 Be6 12. 0-0 Bxd5 13. exd5 Ne7 14. Re1 Bg7 15. c3 0-0 16. Nc2 Qd7 17. Qh5 e4 0-1

[Event "LSS ZL-2009-0-00447"]
[Site "LSS email"]
[Date "2009.01.10"]
[Round "?"]
[White "Valdez Aguero, Daniel"]
[Black "Plummer, Martin"]
[Result "1-0"]
[WhiteElo "1256"]
[BlackElo "1072"]
[PlyCount "23"]
[EventDate "2009.01.09"]
[EventType "match (corr)"]
[EventRounds "2"]
[EventCountry "GER"]
[SourceTitle "Corr 2013"]
[Source "ChessBase"]
[SourceDate "2012.11.12"]
[SourceVersion "1"]
[SourceVersionDate "2012.11.12"]
[SourceQuality "1"]

1. e4 c5 2. Nf3 Nc6 3. d4 cxd4 4. Nxd4 a6 5. c4 d6 6. Nc3 Nf6 7. Be3 e5 8. Nb3 Be7 9. f3 Be6 10. Rc1 0-0 11. Be2 Nh5 12. 0-0 1-0

[Event "LSS OP-2008-0-00642"]
[Site "LSS email"]
[Date "2008.09.28"]
[Round "?"]
[White "Koslovska, Maria"]
[Black "Valdez Aguero, Daniel"]
[Result "1-0"]
[WhiteElo "1489"]
[BlackElo "1353"]
[PlyCount "45"]
[EventDate "2008.09.26"]
[EventType "tourn (corr)"]
[EventRounds "4"]
[EventCountry "GER"]
[SourceTitle "Corr 2011"]
[Source "ChessBase"]
[SourceDate "2010.08.31"]
[SourceVersion "1"]
[SourceVersionDate "2010.08.31"]
[SourceQuality "1"]

1. Nf3 Nf6 2. c4 g6 3. d4 Bg7 4. Nc3 0-0 5. e4 d6 6. Be2 e5 7. 0-0 Nc6 8. d5 Ne7 9. b4 a6 10. Bd2 Ne8 11. Qb3 f5 12. exf5 gxf5 13. Ng5 Kh8 14. Rfe1 Ng8 15. Rad1 f4 16. Ne6 Bxe6 17. dxe6 c6 18. Ne4 Nc7 19. Bc3 d5 20. cxd5 Nxd5 21. Bc4 Nge7 22. Ng5 Qc8 23. Bxe5 1-0

[Event "LSS OP-2008-0-00642"]
[Site "LSS email"]
[Date "2008.09.28"]
[Round "?"]
[White "Valdez Aguero, Daniel"]
[Black "Becker, Karl Heinz"]
[Result "0-1"]
[WhiteElo "1329"]
[BlackElo "1518"]
[PlyCount "60"]
[EventDate "2008.09.26"]
[EventType "tourn (corr)"]
[EventRounds "4"]
[EventCountry "GER"]
[SourceTitle "Corr 2013"]
[Source "ChessBase"]
[SourceDate "2012.11.12"]
[SourceVersion "1"]
[SourceVersionDate "2012.11.12"]
[SourceQuality "1"]

1. d4 Nf6 2. c4 e6 3. Nc3 Bb4 4. e3 0-0 5. Bd3 d5 6. Nge2 dxc4 7. Bxc4 e5 8. 0-0 Nc6 9. a3 Bd6 10. d5 Ne7 11. e4 Ng6 12. Ng3 Bc5 13. Na4 Bd4 14. h3 Qd6 15. Nc3 Bd7 16. Qd3 Rfd8 17. Nb5 Bxb5 18. Bxb5 c6 19. Nf5 Qc5 20. Bc4 cxd5 21. Bxd5 Nxd5 22. exd5 Qxd5 23. Nxd4 exd4 24. Rd1 Ne5 25. Qg3 Rd6 26. Kh1 Rg6 27. Qh2 Nf3 28. Qf4 Nh4 29. f3 Rxg2 30. Qxd4 Nxf3 0-1

[Event "LSS SE-2008-0-00006"]
[Site "LSS email"]
[Date "2008.07.15"]
[Round "?"]
[White "Koziol, Pawel"]
[Black "Valdez Aguero, Daniel"]
[Result "1/2-1/2"]
[WhiteElo "1404"]
[BlackElo "1360"]
[PlyCount "39"]
[EventDate "2008.04.17"]
[EventType "tourn (corr)"]
[EventRounds "6"]
[EventCountry "GER"]
[SourceTitle "Corr 2013"]
[Source "ChessBase"]
[SourceDate "2012.11.12"]
[SourceVersion "1"]
[SourceVersionDate "2012.11.12"]
[SourceQuality "1"]
[WhiteTeam "US of America"]
[BlackTeam "US of America"]
[WhiteTeamCountry "USA"]
[BlackTeamCountry "USA"]

1. Nf3 Nf6 2. c4 e6 3. g3 c5 4. Bg2 Be7 5. 0-0 0-0 6. Nc3 Nc6 7. d4 cxd4 8. Nxd4 a6 9. Nb3 d6 10. Bf4 Nh5 11. Be3 Ne5 12. Qd4 Qc7 13. Nd2 f5 14. f4 Ng4 15. Qb6 Qd7 16. Rad1 Bd8 17. Qd4 Nhf6 18. Kh1 Rb8 19. Bg1 b5 20. Qa7 1/2-1/2

[Event "LSS SE-2008-0-00006"]
[Site "LSS email"]
[Date "2008.07.15"]
[Round "?"]
[White "Valdez Aguero, Daniel"]
[Black "Murphy, Jones"]
[Result "1-0"]
[WhiteElo "1256"]
[BlackElo "1340"]
[PlyCount "33"]
[EventDate "2008.04.17"]
[EventType "tourn (corr)"]
[EventRounds "6"]
[EventCountry "GER"]
[SourceTitle "Corr 2013"]
[Source "ChessBase"]
[SourceDate "2012.11.12"]
[SourceVersion "1"]
[SourceVersionDate "2012.11.12"]
[SourceQuality "1"]
[WhiteTeam "US of America"]
[BlackTeam "US of America"]
[WhiteTeamCountry "USA"]
[BlackTeamCountry "USA"]

1. e4 e6 2. d4 d5 3. Nd2 c5 4. Ngf3 cxd4 5. Nxd4 Nf6 6. Bb5+ Bd7 7. e5 Bxb5 8. exf6 Ba6 9. fxg7 Bxg7 10. N2f3 Nc6 11. Be3 Qd6 12. Qd2 0-0-0 13. 0-0-0 Nxd4 14. Nxd4 Kb8 15. Kb1 Rc8 16. Rhe1 Rc4 17. Bf4 1-0

[Event "LSS SD-2008-0-00008"]
[Site "LSS email"]
[Date "2008.05.01"]
[Round "?"]
[White "Castellano, Antonio Jr"]
[Black "Valdez Aguero, Daniel"]
[Result "1-0"]
[WhiteElo "1367"]
[BlackElo "1425"]
[PlyCount "43"]
[EventDate "2008.04.15"]
[EventType "tourn (corr)"]
[EventRounds "6"]
[EventCountry "GER"]
[SourceTitle "Corr 2011"]
[Source "ChessBase"]
[SourceDate "2010.08.31"]
[SourceVersion "1"]
[SourceVersionDate "2010.08.31"]
[SourceQuality "1"]

1. e4 c5 2. Nf3 Nc6 3. Bb5 d6 4. 0-0 g6 5. c4 Bg7 6. d3 a6 7. Bxc6+ bxc6 8. Nc3 e6 9. Rb1 Ne7 10. e5 d5 11. Na4 0-0 12. Nxc5 Qa5 13. Qa4 Qc7 14. Bg5 f6 15. exf6 Bxf6 16. Rbe1 Qd6 17. Bxf6 Rxf6 18. Qa3 dxc4 19. Ne4 Qxa3 20. Nxf6+ Kf7 21. bxa3 Kxf6 22. dxc4 1-0

[Event "LSS BI-2008-P-00008"]
[Site "LSS email"]
[Date "2008.04.27"]
[Round "?"]
[White "Pehl, Jozsef"]
[Black "Valdez Aguero, Daniel"]
[Result "1-0"]
[WhiteElo "1549"]
[BlackElo "1425"]
[PlyCount "55"]
[EventDate "2008.04.27"]
[EventType "tourn (corr)"]
[EventRounds "10"]
[EventCountry "GER"]
[SourceTitle "Corr 2011"]
[Source "ChessBase"]
[SourceDate "2010.08.31"]
[SourceVersion "1"]
[SourceVersionDate "2010.08.31"]
[SourceQuality "1"]

1. e4 c5 2. Nf3 d6 3. d4 cxd4 4. Nxd4 Nf6 5. Nc3 e6 6. Bc4 Be7 7. Bb3 0-0 8. Be3 a6 9. f4 Nc6 10. Qf3 Qc7 11. f5 Nxd4 12. Bxd4 Bd7 13. g4 d5 14. exd5 Nxd5 15. Bxd5 exd5 16. 0-0-0 Bg5+ 17. Kb1 Bc6 18. h4 Qf4 19. Qg2 Bd8 20. Rhf1 Qd6 21. f6 b5 22. fxg7 Re8 23. g5 b4 24. Ne2 Bb5 25. Rxf7 Kxf7 26. Qf3+ Kg8 27. Rf1 Bb6 28. Qf7# 1-0

[Event "LSS BI-2008-P-00008"]
[Site "LSS email"]
[Date "2008.04.27"]
[Round "?"]
[White "Plotnikov, Vladimir Anatolievi"]
[Black "Valdez Aguero, Daniel"]
[Result "0-1"]
[WhiteElo "1679"]
[BlackElo "1256"]
[PlyCount "50"]
[EventDate "2008.04.27"]
[EventType "tourn (corr)"]
[EventRounds "10"]
[EventCountry "GER"]
[SourceTitle "Corr 2013"]
[Source "ChessBase"]
[SourceDate "2012.11.12"]
[SourceVersion "1"]
[SourceVersionDate "2012.11.12"]
[SourceQuality "1"]
[WhiteTeam "US of America"]
[BlackTeam "US of America"]
[WhiteTeamCountry "USA"]
[BlackTeamCountry "USA"]

1. e4 c5 2. Nf3 Nc6 3. g3 g6 4. d4 cxd4 5. Nxd4 Bg7 6. Be3 Nf6 7. Nc3 0-0 8. Bg2 d6 9. h3 Bd7 10. Qd2 Re8 11. 0-0-0 a6 12. f4 Nxd4 13. Bxd4 Bc6 14. e5 dxe5 15. fxe5 Nd5 16. e6 f6 17. Nxd5 Bxd5 18. Bxf6 Bxf6 19. Qxd5 Qb6 20. Qb3 Qf2 21. Bxb7 Rab8 22. Rhf1 Qh2 23. h4 a5 24. Rd7 Qe2 25. Rfd1 Kh8 0-1

[Event "LSS BI-2008-P-00008"]
[Site "LSS email"]
[Date "2008.04.27"]
[Round "?"]
[White "Vaassen, Jack M"]
[Black "Valdez Aguero, Daniel"]
[Result "1-0"]
[WhiteElo "2131"]
[BlackElo "1425"]
[PlyCount "43"]
[EventDate "2008.04.27"]
[EventType "tourn (corr)"]
[EventRounds "10"]
[EventCountry "GER"]
[SourceTitle "Corr 2011"]
[Source "ChessBase"]
[SourceDate "2010.08.31"]
[SourceVersion "1"]
[SourceVersionDate "2010.08.31"]
[SourceQuality "1"]

1. b3 Nf6 2. Bb2 e6 3. e3 d5 4. Nf3 Be7 5. d4 0-0 6. Bd3 b6 7. Nbd2 Ba6 8. c4 Nbd7 9. 0-0 c5 10. Qe2 Rc8 11. Ne5 Qc7 12. f4 Bb7 13. Rac1 Rfd8 14. cxd5 exd5 15. Ndf3 h6 16. Nh4 Ne4 17. Nf5 Ndf6 18. dxc5 bxc5 19. Bxe4 dxe4 20. Ng4 Rd5 21. Bxf6 Rxf5 22. Nxh6+ 1-0

[Event "LSS RD-2008-0-00005"]
[Site "LSS email"]
[Date "2008.04.02"]
[Round "?"]
[White "Ausan, Leo Tito Jr"]
[Black "Valdez Aguero, Daniel"]
[Result "1-0"]
[WhiteElo "1414"]
[BlackElo "1457"]
[PlyCount "33"]
[EventDate "2008.03.21"]
[EventType "tourn (corr)"]
[EventRounds "6"]
[EventCountry "GER"]
[SourceTitle "Corr 2011"]
[Source "ChessBase"]
[SourceDate "2010.08.31"]
[SourceVersion "1"]
[SourceVersionDate "2010.08.31"]
[SourceQuality "1"]

1. e4 d6 2. d4 Nf6 3. Nc3 g6 4. f4 Bg7 5. Nf3 c5 6. dxc5 dxc5 7. Qxd8+ Kxd8 8. Be3 b6 9. 0-0-0+ Nfd7 10. Ng5 Rf8 11. Nxh7 Rh8 12. Ng5 Rf8 13. Bc4 e6 14. f5 gxf5 15. exf5 Ke7 16. fxe6 fxe6 17. Nxe6 1-0

[Event "LSS RD-2008-0-00003"]
[Site "LSS email"]
[Date "2008.03.13"]
[Round "?"]
[White "Valdez Aguero, Daniel"]
[Black "Vio, Mauro"]
[Result "0-1"]
[WhiteElo "1478"]
[BlackElo "1476"]
[PlyCount "106"]
[EventDate "2008.02.24"]
[EventType "tourn (corr)"]
[EventRounds "6"]
[EventCountry "GER"]
[SourceTitle "Corr 2011"]
[Source "ChessBase"]
[SourceDate "2010.08.31"]
[SourceVersion "1"]
[SourceVersionDate "2010.08.31"]
[SourceQuality "1"]

1. e4 e5 2. Nf3 Nc6 3. Bb5 a6 4. Ba4 b5 5. Bb3 Nf6 6. 0-0 Bd6 7. Re1 0-0 8. c3 Re8 9. a4 b4 10. d3 h6 11. Nbd2 Bc5 12. Nxe5 Nxe5 13. d4 Nd3 14. Re3 Nxc1 15. Rxc1 bxc3 16. bxc3 Ba3 17. Ra1 Bf8 18. e5 Bb7 19. exf6 Qxf6 20. Qe2 Re7 21. Re1 Rae8 22. Qc4 d5 23. Qd3 Rxe3 24. Rxe3 Rxe3 25. Qxe3 Qg6 26. g3 c5 27. dxc5 Qc6 28. Qf4 Qxc5 29. Qd4 Qxd4 30. cxd4 g5 31. g4 Bg7 32. Nf3 Kf8 33. Kf1 Ke7 34. Ke2 Bc8 35. h3 f5 36. gxf5 Bxf5 37. h4 g4 38. Ne1 Bxd4 39. Bxd5 Bd7 40. Bc4 a5 41. Nc2 Bf6 42. h5 Bxa4 43. Ne3 Bd7 44. Nd5+ Kf7 45. Nb6+ Be6 46. Bb5 Bd4 47. Nd7 Ke7 48. Nb8 Kd6 49. Nc6 Bb6 50. Kd3 Bd7 51. Nd4 Bxd4 52. Bxd7 Kxd7 53. Kxd4 Ke6 0-1